000
00293nam a22001337a 4500
008
170622b xxu||||| |||| 00| 0 eng d
020
_a
9780486212586
041
_a
eng
080
_a
94
100
_a
21
101
_a
SHP
245
_a
THE HISTORY ORCHESTRATION
_c
CARSE.A
942
_2
udc
_c
BK
999
_c
18840
_d
18840